000 00279nam a22001337a 4500
008 190205b xxu||||| |||| 00| 0 eng d
020 _a0138195730
041 _aeng
080 _a316
100 _a50
101 _aSOC
245 _aSocial Theory
_cWilson, J
942 _2udc
_cBK
999 _c54035
_d54035